000 00851nam a22002897a 4500
001 BR6002473
003 BR-BrBNA
005 20230928083128.0
007 ta
008 230509b bl.||||| |||| 00| 0 por d
040 _aBR-BrBNA
_bpor
_cBiblioteca Nacional de Agricultura
041 _a(Por)
072 _aE30; E10
_b/G514
090 _ E30 BR6002473
110 1 _aMinisterio da Agricultura, Brasilia, DF (Brasil)
_96753
245 1 _aProgramacao para 1969 [Ministerio da Agricultura; Sao Paulo; Parana; Santa Catarina; Rio Grande do Sul; Brasil]
260 3 _aBrasilia, DF (Brasil):
_c1969.
300 _a160 p.
650 _aProjeto Agricola
650 _aInvestimento
650 _aSao Paulo
650 _aParana
650 _aSanta Catarina
650 _aRio Grande do Sul
909 _a202309
_bLucia
_c55
_dLucia Elande
942 _cBK
999 _c11717
_d11717